00653nam a2200241 a 4500001001300000003000900013005001700022008004100039020001000080082001700090100001700107245001300124260003500137300000800172500003500180505001000215650002200225700001700247902000800264942000700272952011700279999001500396nice12345678IN_TiNIC20260116011901.0050524s1953 illa grp 000 0 eng  ac10000a231.765bCLA aClark, R C D aCreation aIllinoisbTyndale House c1953 a72p aincludes index and biblioraphy2 aIndex aTheology-Creation1 aClark, R C D bSRS cBK 001040708StackRoom-aHMIbHMId2007-06-15g100.00l0o231.765 CLAp05488r2007-06-15v100.00w2005-05-24yBK c4702d4702